书目信息 |
| 题名: |
传媒三十年
|
|
| 作者: | 宋守山 编著 | |
| 分册: | ||
| 出版信息: | 广州 南方日报出版社 2009.01 |
|
| 页数: | 289页 | |
| 开本: | 23cm | |
| 丛书名: | ||
| 单 册: | ||
| 中图分类: | G219.297 | |
| 科图分类: | ||
| 主题词: | 传播媒介--chuan bo mei jie--新闻工作--文化史--中国--1978-2008 | |
| 电子资源: | ||
| ISBN: | 978-7-80652-799-3 | |
| 000 | 00837nam0 2200229 450 | |
| 001 | 012009328906 | |
| 005 | 20090505180948.69 | |
| 010 | @a978-7-80652-799-3@dCNY38.00 | |
| 100 | @a20090505d2009 em y0chiy0120 ea | |
| 101 | 0 | @achi |
| 102 | @aCN@b440000 | |
| 105 | @ay z 000yy | |
| 106 | @ar | |
| 200 | 1 | @a传媒三十年@Achuan mei san shi nian@f宋守山编著@Fsong shou shan bian zhu |
| 210 | @a广州@c南方日报出版社@d2009.01 | |
| 215 | @a289页@d23cm | |
| 330 | @a本书从空间上将不同类型的媒体、记者以及经营策划案例加以介绍,让读者了解重大新闻的来龙去脉和媒体运营方式的变迁。用具体案例增强全书故事性,实用性和可操作性。 | |
| 606 | 0 | @a传播媒介@Achuan bo mei jie@x新闻工作@x文化史@y中国@z1978-2008 |
| 690 | @aG219.297@v4 | |
| 701 | 0 | @a宋守山@Asong shou shan@4编著 |
| 801 | 0 | @aCN@bQSSK@c20090505 |
| 905 | @b742825-27@dG219.297@eS778@f3 | |
| 传媒三十年/宋守山编著.-广州:南方日报出版社,2009.01 |
| 289页;23cm |
| ISBN 978-7-80652-799-3:CNY38.00 |
| 本书从空间上将不同类型的媒体、记者以及经营策划案例加以介绍,让读者了解重大新闻的来龙去脉和媒体运营方式的变迁。用具体案例增强全书故事性,实用性和可操作性。 |
| ● |
| 相关链接 |
|
|
|
正题名:传媒三十年
索取号:G219.297/S778
 
预约/预借
| 序号 | 登录号 | 条形码 | 馆藏地/架位号 | 状态 | 备注 |
| 1 | 742825 | 207428256 | 社科库409/409社科库 57排7列5层/ [索取号:G219.297/S778] | 在馆 | |
| 2 | 742826 | 207428265 | 社科库409/409社科库 57排7列5层/ [索取号:G219.297/S778] | 在馆 | |
| 3 | 742827 | 207428274 | 社科二线422/422社科库 41排3列3层/ [索取号:G219.297/S778] | 在馆 |